Statistics for People on All English Banknotes

Click here to take the quiz!

General Stats

  • This quiz has been taken 20 times
  • The average score is 12 of 19

Answer Stats

ValueHintPerson% Correct
Series E (revision)£10 (2002-2020)NaturalistCharles Darwin
100%
allQueen Elizabeth II
100%
Series G£5 (2016-)PMSir Winston Churchill
100%
Series D£20 (1970-1993)PlaywrightWilliam Shakespeare
89%
Series D£10 (1975-1994)NurseFlorence Nightingale
84%
Series E£10 (1992-2003)NovelistCharles Dickens
79%
Series G£10 (2017-)NovelistJane Austen
74%
Series D£1 (1978-1988)ScientistSir Isaac Newton
74%
Series F£20 (2007-)EconomistAdam Smith
63%
Series D£5 (1971-1991)MilitaryDuke of Wellington
63%
Series E (revision)£20 (1999-2010)ComposerSir Edward Elgar
63%
Series F£50InventorJames Watt
58%
Series D£50 (1981-1996)ArchitectSir Christopher Wren
58%
Series E (revision)£5 (2002-2017)PhilantropistElizabeth Fry
53%
Series E£5 (1990-2003)EngineerGeorge Stephenson
42%
Series G£20 (issued by 2020)PainterJ. M. W. Turner
42%
Series E£20 (1991-2001)ScientistMichael Faraday
37%
Series F£50 (2011-)ManufacturerMatthew Boulton
32%
Series E£50 (1994-2014)Bank governorSir John Hublon
5%

Score Distribution

Percentile by Number Answered

Percent of People with Each Score

Your Score History

You have not taken this quiz